Che : vida de ernesto che guevara /

Guardado en:
Autor Principal: Oesterheld, H. G.
Otros Autores: Breccia, Enrique, il., Breccia, Alberto, il.
Formato: Libro
Publicado: Buenos Aires : Doedytores, 2013
Series:Biblioteca Mp de Novela Gráfica
Materias:
Etiquetas: Agregar Etiqueta
Sin Etiquetas, Sea el primero en etiquetar este registro!
LEADER 00894nam a22002775a 4500
001 CEM.cems014362
005 20140424093719.0
008 130507s2013##################000#0#####d
003 CEMS
020 |a 9789879085509 
082 0 4 |a 923 
100 1 |a Oesterheld, H. G. 
245 1 0 |a Che :  |b vida de ernesto che guevara /  |c H. G. Oesterheld ; ilustraciones de Enrique Breccia y Alberto Breccia 
260 |a Buenos Aires :  |b Doedytores,  |c 2013 
300 |a 96 p. 
490 0 |a Biblioteca Mp de Novela Gráfica 
653 |a Historieta 
653 |a Novelas gráficas 
653 |a Literatura 
653 |a Literatura argentina 
653 |a Ernesto che guevara-biografía 
653 |a Biografías 
653 |a Ministerio de educación-colección literaria 
700 1 |a Breccia, Enrique, il. 
700 1 |a Breccia, Alberto, il. 
859 |a CEMS  |b BIB. CEMS - 11 de abril  |h 923  |i G939oe  |p 26943.14  |t Ej.1